000 00924cam a2200289 a 4500
999 _c5719
_d5719
001 5719
003 BD-JhCC
005 20171220122529.0
008 050330s2006 nyua bf 001 0 eng
020 _a0393977765 (pbk.)
035 _a(BD-JhCC)5719
040 _aDLC
_cDLC
_dDLC
_dBD-JhCC
041 _aeng
050 0 0 _aPE1408
_b.B883824 2006
082 0 0 _a808/.042
_222
_bBUL 2006
100 1 _aBullock, Richard H.
_q(Richard Harvey)
245 1 4 _aThe Norton field guide to writing /
_cRichard Bullock.
250 _a1st ed.
260 _aNew York :
_bW.W. Norton & Co.,
_c2006.
300 _axxix, 514 p. :
_bill. ;
_c21 cm.
504 _aIncludes bibliographical references and index.
650 0 _aEnglish language
_xRhetoric
_vHandbooks, manuals, etc.
650 0 _aEnglish language
_xGrammar
_vHandbooks, manuals, etc.
650 0 _aReport writing
_vHandbooks, manuals, etc.
942 _2ddc
_cBK